Микропроцессорное управление энергетическим оборудованием; Теплофизические основы энергетических технологий

Bibliografiske detaljer
Parent link:Теплофизические основы энергетических технологий.— 2009.— [С. 192-199]
Hovedforfatter: Яковенко П. Г. Павел Георгиевич
Summary:Заглавие с титульного листа
Sprog:russisk
Udgivet: 2009
Fag:
Online adgang:http://www.lib.tpu.ru/fulltext/c/2009/C02/030.pdf
Format: MixedMaterials Electronisk Book Chapter
KOHA link:https://koha.lib.tpu.ru/cgi-bin/koha/opac-detail.pl?biblionumber=233806

MARC

LEADER 00000nla2a2200000 4500
001 233806
005 20260119160948.0
035 |a (RuTPU)RU\TPU\book\254887 
035 |a RU\TPU\book\254880 
090 |a 233806 
100 |a 20130312d2009 k y0rusy50 ca 
101 0 |a rus 
102 |a RU 
135 |a drcn ---uucaa 
181 0 |a i  
182 0 |a b 
200 1 |a Микропроцессорное управление энергетическим оборудованием  |f П. Г. Яковенко 
203 |a Текст  |c электронный 
215 |a 1 файл (339 Kb) 
300 |a Заглавие с титульного листа 
320 |a [Библиогр.: с. 199 (2 назв.)] 
337 |a Adobe Reader 
463 1 |0 (RuTPU)RU\TPU\book\176746  |t Теплофизические основы энергетических технологий  |o материалы региональной научно-практической конференции, 25 - 27 июня 2009 г., Томск   |f Томский политехнический университет (ТПУ) ; под общ. ред. Г. В. Кузнецова [и др.]  |v [С. 192-199]  |d 2009 
610 1 |a труды учёных ТПУ 
610 1 |a электронный ресурс 
610 1 |a микропроцессорное управление 
610 1 |a энергетическое оборудование 
610 1 |a автоматическое управление 
610 1 |a промышленная энергетика 
700 1 |a Яковенко  |b П. Г.  |c специалист в области теплоэнергетики  |c профессор Томского политехнического университета, доктор технических наук  |f 1951-  |g Павел Георгиевич  |3 (RuTPU)RU\TPU\pers\26011 
801 1 |a RU  |b 63413507  |c 20120830 
801 2 |a RU  |b 63413507  |c 20150313  |g RCR 
856 4 |u http://www.lib.tpu.ru/fulltext/c/2009/C02/030.pdf 
942 |c CF